| 000 | 01198nam a2200253 i 4500 | ||
|---|---|---|---|
| 001 | 154226 | ||
| 003 | ES-MaACL | ||
| 005 | 20251004063202.0 | ||
| 008 | 931025s1869 sp |||| | spa d | ||
| 080 | _a821.134.2-14"18" | ||
| 080 | _a94(460)"1839"(0:82) | ||
| 100 | 1 |
_aOlloqui, Emilio, _d1821-1893 _9130642 |
|
| 245 | 1 | 3 |
_aEl Abrazo de Vergara _b: oda / _cpor Emilio Olloqui. |
| 260 |
_aMadrid : _b[s.n.], _c1869 ( _fImp. de M. Tello) |
||
| 300 |
_a23 p. ; _c21 cm. |
||
| 500 | _a"Presentada con el número 23 al concurso abierto por el Gobierno en 1869 ante la Academia Española. Obtuvo ocho votos unánimes para el premio..." | ||
| 530 | _aDisponible en formato digital. | ||
| 650 | 4 |
_aConvenio de Vergara, 1839- _vPoesías. _9170631 |
|
| 852 |
_aES-MaACL _jT-113-F-5 _z- Enc. hol. _q- Falto de cub. original _z- Enc. en un vol. facticio |
||
| 852 |
_aES-MaACL _jT-106-F-13 _z- Enc. hol. _q- Falto de cub. original _z- Enc. en un vol. facticio |
||
| 852 |
_aES-MaACL _jT-157-F-4 _z- Enc. hol. _q- Falto de cub. original _z- Enc. en un vol. facticio |
||
| 856 |
_uhttp://bdh-rd.bne.es/viewer.vm?id=0000193144&page=1 _zBiblioteca Digital Hispánica |
||
| 999 |
_c154226 _d154226 |
||